Gây mê - hồi sức Tài liệu dùng trong các trường Trung học Y tế

Đã lưu trong:
書目詳細資料
主要作者: Nguyễn Phi Vân
格式: 圖書
語言:Undetermined
出版: Tp.HCM Y học 1988
主題:
標簽: 添加標簽
沒有標簽, 成為第一個標記此記錄!
Thư viện lưu trữ: Trung tâm Học liệu Trường Đại học Cần Thơ
LEADER 00530nam a2200181Ia 4500
001 CTU_12027
008 210402s9999 xx 000 0 und d
082 |a 617.96 
082 |b V121 
100 |a Nguyễn Phi Vân 
245 0 |a Gây mê - hồi sức 
245 0 |b Tài liệu dùng trong các trường Trung học Y tế 
245 0 |c Nguyễn Phi Vân 
260 |a Tp.HCM 
260 |b Y học 
260 |c 1988 
650 |a anesthesiology 
980 |a Trung tâm Học liệu Trường Đại học Cần Thơ